00406pab a2200133 454500008004000000100002200040245008600062260000900148300001300157362000800170650003800178650002200216773003400238180718b1998 xxu||||| |||| 00| 0 eng d aSwers, Michele L. aAre women more likely to vote for women's issue bills than their male colleagues? c1998 ap.435-48 aAug aWomen in politics - United States aWomen in politics aLegislative Studies Quarterly